Вып. 58; Радиотехника

গ্রন্থ-পঞ্জীর বিবরন
Parent link:Радиотехника: республиканский межведомственный научно-технический сборник/ Харьковский институт радиоэлектроники им. М. К. Янгеля. Вып. 58.— , 1965-
অন্যান্য লেখক: Терещенко А. И. (редактор)
ভাষা:রুশ
প্রকাশিত: 1981
বিষয়গুলি:
বিন্যাস: গ্রন্থ
KOHA link:https://koha.lib.tpu.ru/cgi-bin/koha/opac-detail.pl?biblionumber=331830

MARC

LEADER 00000nam2a2200000 4500
001 331830
005 20231102004408.0
020 |a RU  |b 87-51154ж 
035 |a (RuTPU)RU\TPU\book\357690 
035 |a RU\TPU\book\332859 
090 |a 331830 
100 |a 20170504d1981 k y0rusy5003 ca 
101 0 |a rus 
102 |a UA 
105 |a a z 001zy 
200 0 |a Вып. 58  |f отв. ред. А. И. Терещенко 
210 |d 1981 
215 |a 126 с.  |c ил. 
320 |a Библиография в конце статей 
461 1 |0 (RuTPU)RU\TPU\book\70383  |t Радиотехника  |o республиканский межведомственный научно-технический сборник  |f Харьковский институт радиоэлектроники им. М. К. Янгеля  |v Вып. 58  |d 1965- 
606 1 |a Радиотехника  |2 stltpush  |3 (RuTPU)RU\TPU\subj\71345  |9 85301 
610 1 |a электронные приборы 
610 1 |a СВЧ 
610 1 |a измерительные приборы 
610 1 |a линии передачи СВЧ 
610 1 |a узлы 
610 1 |a элементы 
610 1 |a СВЧ-диапазоны 
610 1 |a теория 
610 1 |a расчеты 
610 1 |a электровакуумные приборы 
610 1 |a магнетронные приборы 
610 1 |a полупроводниковые приборы 
675 |a 621.37  |z rus  |v 3 
702 1 |a Терещенко  |b А. И.  |4 340 
801 0 |a RU  |b 63413507  |c 19950417  |g psbo 
801 1 |a RU  |b 63413507  |c 20070914  |g PSBO 
801 2 |a RU  |b 63413507  |c 20170614  |g PSBO 
942 |c BK